000 00644nam a2200217Ia 4500
003 OSt
005 20220923221910.0
006 a|||||r|||| 00| 0
007 ta
008 220922b |||||||| |||| 00| 0 hin d
024 _a200,930
037 _cTextual
040 _aARTS
_cARTS
_bhin
041 _2hin
_ahin
082 _aO168:1L97x, 152J8.1
100 _aग्रालिब
_9156280
245 0 _aदीवान ए गालिब सरदार जाफरी
246 _aDīvān e gālib saradār jāfarī
942 _hO168:1L97x, 152J8.1
_cTEXL
_2CC
999 _c352593
_d352593